Els Serveis bibliotecaris en zones rurals : una proposta d'actuació viable / Maite Comalat, Lourdes Reyes ; fotografies: Ivan Bercedo i Jorge Mestre una proposta d'actuació viable / Maite Comalat, Lourdes Reyes ; fotografies:
MARC
| LEADER | 00000nam a2200000Ia 4500 | ||
|---|---|---|---|
| 001 | 12724 | ||
| 008 | 160829s2000 xx 000 0 cat d | ||
| 020 | |a 84-7794-728-7 | ||
| 080 | |a A-1-97 | ||
| 100 | |a Comalat, Maite |9 1009 | ||
| 245 | |a Els Serveis bibliotecaris en zones rurals : |b una proposta d'actuació viable / Maite Comalat, Lourdes Reyes ; fotografies: |b Ivan Bercedo i Jorge Mestre | ||
| 260 | |a Barcelona : |b Diputació de Barcelona. Àrea de Cultura, |c 2000 | ||
| 300 | |a 229 p. : |b il., gràfics, quadres ; |c 30 cm | ||
| 490 | |a Documents de treball per a la biblioteca ; 1 | ||
| 590 | |a Un altre exemplar en castellà: A-2-99. | ||
| 590 | |a Bibliografia | ||
| 650 | |a Biblioteques públiques |x Barcelona (Província) |x Enquestes |9 25974 | ||
| 650 | |a Biblioteques rurals |x Barcelona (Província) |x Enquestes |9 25975 | ||
| 700 | |a Reyes, Lourdes |9 25976 | ||
| 700 | 1 | |a Bercedo, Iván |9 25977 | |
| 700 | |a Mestre, Jorge, fot. I |9 25978 | ||
| 710 | 1 | |a Barcelona (Catalunya : Província). |b Àrea de Cultura |9 53536 | |
| 901 | |a Arxiu | ||
| 942 | |n 1 | ||
| 952 | |0 0 |1 0 |4 0 |6 A197 |7 1 |9 43846 |a Arxiu |b Arxiu |d 2016-12-01 |l 0 |o A-1-97 |p 12724 |r 2016-12-01 00:00:00 |w 2016-12-01 |y ARXIU | ||
| 999 | |c 46425 |d 46425 | ||